00766nam a2200157Ia 4500008004100000082002400041100003000065245011700095260002400212300001000236502007700246650010900323700004900432952011000481999001700591120622s9999 xx 000 0 und d aT 152.41 R934a 2004 aRuiz Flores, Raquel Carym aAfectos en adolescentes infractores y no infractores / Raquel Carym Ruiz Flores, Bertha Lizeth Vidal Gutiérrez aMéxico : El Autor a82 h. aTesis (Licda. en Psicología). -- Universidad Insurgentes, Plantel Xola a1. AFECTO (PSICOLOGIA) \ 2. DELINCUENCIA JUVENIL - ASPECTOS PSICOLOGICOS \ 3. PSICOLOGIA DEL ADOLESCENTE aVidal Gutiérrez, Bertha Lizeth ; coaut.Ì 00104070a01b01d2007-01-25l1oT 152.41 R934A 2004p01 009003r2016-09-01s2016-09-01w2012-06-24yLB c58744d58744